| 000 | 00490 a2200169 4500 | ||
|---|---|---|---|
| 001 | 132926 | ||
| 003 | OSt | ||
| 005 | 20220222102601.0 | ||
| 008 | |||
| 082 |
_a621.38153 _bM31D |
||
| 100 | 1 | _aMano, M. Morris | |
| 245 | 1 |
_aDigital logic and computer design _cby M. Morris Mano |
|
| 260 |
_aNew Delhi _bPearson Education _c2011 |
||
| 300 | _a612p. | ||
| 690 | _aDigital integrated circuits; Logic circuits; Electronic digital computers | ||
| 942 |
_2ddc _cBK |
||
| 999 |
_c7262 _d7262 |
||